000 00733nam a2200217Ia 4500
003 GCL
008 140319s9999 xx 000 0 ara d
040 _aGCL /
_cGCL
082 0 4 _a384.554
_bس ب
100 1 _aسلوى امام على
245 1 0 _aبرامج الشباب فى التليفزيون: دراسة تحليلية على التليفزيون المصرى /
_cسلوى امام على
260 _a[S.N] :
_bدار الفكر العربى ،
_c1987
300 _a59 ص
490 _a
650 0 4 _aمصر
650 0 4 _aالتليفزيون
650 0 4 _aبرامج التليفزيون
650 0 4 _aالاعلان بالتلفزيون
650 0 4 _aالدعاية التليفزيونية
942 _2ddc
_cBK
999 _c33188
_d33188